Posúdenie vplyvu vlhkosti drevín na kritickú hustotu tepelného toku

Enregistré dans:
Détails bibliographiques
Auteur principal: Výborná, Martina (Auteur)
Autres auteurs: Martinka, Jozef (Directeur de thèse)
Format: Manuscrit Livre
Langue:slovaque
Publié: 2015
Sujets:
Accès en ligne:http://is.stuba.sk/zp/portal_zp.pl?podrobnosti=101951
Tags: Ajouter un tag
Pas de tags, Soyez le premier à ajouter un tag!

MARC

LEADER 00000ntm a22000003a 4500
001 stuzp52357
003 SK-STU
005 20160719154138.9
007 ta
008 150427s2015----xo-----f-mn---000-0-slo-d
040 |a STU  |b slo 
041 0 |a slo 
100 1 |a Výborná, Martina  |u 065000  |4 aut  |U MTF Materiálovotechnologická fakulta  |T MTF Ústav bezpečnosti, environmentu a kvality  |X 6985  |U M5000  |Y 85  |7 6985 
242 0 1 |a Impact Assessment of moisture plants on critical heat flux density  |y eng 
245 1 0 |a Posúdenie vplyvu vlhkosti drevín na kritickú hustotu tepelného toku 
260 |c 2015 
650 4 |a drevo  |2 slo 
650 4 |a vlhkosť  |2 slo 
650 4 |a tepelný tok  |2 slo 
650 4 |a kónický kalorimeter  |2 slo 
650 4 |a wood  |2 eng 
650 4 |a heat flow  |2 eng 
650 4 |a the moisture content of wood  |2 eng 
650 4 |a cone calorimeter  |2 eng 
700 1 |a Martinka, Jozef  |4 ths  |X 45163  |7 A000045163 
856 4 |u http://is.stuba.sk/zp/portal_zp.pl?podrobnosti=101951 
996 |c M* BP-7490  |l MMSKP  |s P  |a 0  |w stuzp52357_0001 
SQL |a stuzp52357  |b DBP  |c SLO  |d Posúdenie vplyvu vlhkosti drevín na kritickú hustotu tepelného toku  |e 6985  |f Výborná, Martina  |g 065000  |h 45163  |i Martinka, Jozef  |j 20150622  |k 169  |l 06  |m http://is.stuba.sk/zp/portal_zp.pl?podrobnosti=101951  |n B-BOZ  |o 8.3.5. bezpečnosť a ochrana zdravia pri práci